Дизайн помещений и интерьеров в 3 ds max 7

Bibliographische Detailangaben
1. Verfasser: Рябцев Д. В. Дмитрий Владиславович
Zusammenfassung:В этой книге рассказывается о разработке проектов интерьера в редакторе трехмерной графики 3ds max 7, начиная с моделирования предметов интерьера и мебели и заканчивая визуализацией качественных эскизов и созданием небольшого презентационного ролика будущего помещения. Книга будет полезна начинающим энтузиастам трехмерной графики, желающим освоить проектирование и визуализацию интерьеров. Кроме того, она станет прекрасным подспорьем для практикующих дизайнеров, которые хотели бы перейти на новый уровень представления своих работ. На компакт-диске записаны все файлы упражнений, анимационные последовательности, а также библиотеки материалов к описываемому в книге проекту.
Sprache:Russisch
Veröffentlicht: СПб., Питер, 2006
Schlagworte:
Format: Unbekannt
KOHA link:https://koha.lib.tpu.ru/cgi-bin/koha/opac-detail.pl?biblionumber=96456

MARC

LEADER 00000nmm0a2200000 4500
001 96456
005 20231031110543.0
010 |a 5469011003 
035 |a (RuTPU)RU\TPU\book\103261 
090 |a 96456 
100 |a 20060515d2006 km y0rusy50 ca 
101 0 |a rus 
102 |a RU 
105 |a af z 000zy 
200 1 |a Дизайн помещений и интерьеров в 3 ds max 7  |f Д. В. Рябцев 
210 |a СПб.  |c Питер  |d 2006 
215 |a 272 с.  |c ил.  |e Приложение: CD-ROM 
330 |a В этой книге рассказывается о разработке проектов интерьера в редакторе трехмерной графики 3ds max 7, начиная с моделирования предметов интерьера и мебели и заканчивая визуализацией качественных эскизов и созданием небольшого презентационного ролика будущего помещения. Книга будет полезна начинающим энтузиастам трехмерной графики, желающим освоить проектирование и визуализацию интерьеров. Кроме того, она станет прекрасным подспорьем для практикующих дизайнеров, которые хотели бы перейти на новый уровень представления своих работ. На компакт-диске записаны все файлы упражнений, анимационные последовательности, а также библиотеки материалов к описываемому в книге проекту. 
610 1 |a трехмерная графика 
610 1 |a интерьер 
610 1 |a моделирование 
610 1 |a трехмерные сцены 
610 1 |a освещение 
610 1 |a анимация 
610 1 |a CD-ROM 
610 1 |a 3ds max 7 
675 |a 681.327.1  |v 3 
700 1 |a Рябцев  |b Д. В.  |g Дмитрий Владиславович 
801 1 |a RU  |b 63413507  |c 20060515  |g PSBO 
801 2 |a RU  |b 63413507  |c 20150414  |g PSBO 
942 |c MX 
959 |a 28/20060512  |d 1  |e 246,40  |f НФ:1